000 00749nam a2200205Ia 4500
008 130821s1971 sp gr spa
040 _aCo-BoUCM
_bspa
041 _aspa
100 _aMerleau-Ponty, Jacques
_9155655
245 _aCosmología del siglo XX Estudio epistemológico e histórico de las teorías de la cosmología contemporánea
_cJacques Merleau-Ponty.
260 _aMadrid (España)
_bGredos
_c1971
300 _a660 páginas
490 _aBiblioteca Hispánica de Filosofía
650 0 4 _aCosmología
_xHistoria
_953552
650 0 4 _aFilosofía de la ciencia
_915753
650 0 4 _aFilosofía moderna
_ySiglo XX
_915835
650 0 4 _aFilosofía
_975
942 _cLIBRO
_a2
_e1
_mM37
_2DEWEY
_h110
999 _c9323
_d9323